[Event "New York Marshall CC 05"]
[Site "New York"]
[Date "2025.05.04"]
[Round "4"]
[White "Marri, Anvith Reddy"]
[Black "Stern, Kevin B"]
[Result "0-1"]
[WhiteElo "1983"]
[BlackElo "1867"]
[PlyCount "124"]
[EventDate "2025.05.03"]
[EventType "swiss"]
[EventRounds "5"]
[EventCountry "USA"]
[SourceTitle "CB19_2025"]
[SourceDate "2025.05.07"]
[SourceVersion "1"]
[SourceVersionDate "2025.05.07"]
[SourceQuality "1"]

1. d4 d5 2. e3 Nf6 3. Bd3 c5 4. c3 Nc6 5. f4 Bg4 6. Nf3 e6 7. h3 Bf5 8. 0-0 Bd6 9. Ne5 Bxd3 10. Qxd3 Ne4 11. Nd2 Nxd2 12. Bxd2 f6 13. Nf3 0-0 14. c4 Rc8 15. b3 cxd4 16. exd4 Qd7 17. c5 Bb8 18. b4 e5 19. fxe5 fxe5 20. dxe5 Nxe5 21. Nxe5 Bxe5 22. Rae1 Bf6 23. Bf4 Rfe8 24. Bd6 d4 25. Qg3 Kh8 26. Qb3 h6 27. Qd5 Qc6 28. Qxc6 bxc6 29. Rd1 Re2 30. Rf2 Rce8 31. a4 a6 32. Bf4 g5 33. Bg3 Rxf2 34. Bxf2 Rd8 35. Rd3 Kg7 36. Kf1 Kf7 37. Ke2 Ke6 38. Rf3 Rb8 39. Be1 Be5 40. Kd3 h5 41. Kc4 g4 42. Rd3 Rf8 43. Bg3 Rf1 44. Bxe5 Kxe5 45. hxg4 hxg4 46. Rg3 Rc1+ 47. Kb3 Kf4 48. Rd3 Ke4 49. Rg3 Kf4 50. Rd3 Ke4 51. Rg3 d3 52. Rxg4+ Ke3 53. Rg6 d2 54. Re6+ Kf4 55. Rd6 d1Q+ 56. Rxd1 Rxd1 57. Kc4 Ke4 58. g4 Rc1+ 59. Kb3 Kd4 60. g5 Rg1 61. b5 axb5 62. axb5 Kxc5 0-1

[Event "New York Marshall CC 04"]
[Site "New York"]
[Date "2025.04.19"]
[Round "3"]
[White "Knowles, Chase"]
[Black "Stern, Kevin B"]
[Result "1/2-1/2"]
[WhiteElo "1968"]
[BlackElo "1867"]
[PlyCount "48"]
[EventDate "2025.04.18"]
[EventType "swiss"]
[EventRounds "5"]
[EventCountry "USA"]
[SourceTitle "CB17_2025"]
[SourceDate "2025.04.23"]
[SourceVersion "1"]
[SourceVersionDate "2025.04.23"]
[SourceQuality "1"]

1. Nf3 d5 2. c4 e6 3. e3 Nf6 4. Nc3 Nbd7 5. b3 Bd6 6. Bb2 0-0 7. Qc2 a6 8. Be2 Re8 9. g4 dxc4 10. g5 cxb3 11. axb3 Nd5 12. Nxd5 exd5 13. Bd3 Nf8 14. Rg1 Qe7 15. Ra4 c5 16. h4 Bd7 17. Bf6 Qe6 18. h5 Bxa4 19. Bf5 Bxb3 20. Qb1 Ba2 21. Qc2 Bb3 22. Qb1 Ba2 23. Qc2 Bb3 24. Bd3 Qh3 1/2-1/2

[Event "New York Marshall CC 04"]
[Site "New York"]
[Date "2025.04.19"]
[Round "2"]
[White "Stern, Kevin B"]
[Black "Chachere, Theodore"]
[Result "1-0"]
[WhiteElo "1867"]
[BlackElo "1906"]
[PlyCount "69"]
[EventDate "2025.04.18"]
[EventType "swiss"]
[EventRounds "5"]
[EventCountry "USA"]
[SourceTitle "CB17_2025"]
[SourceDate "2025.04.23"]
[SourceVersion "1"]
[SourceVersionDate "2025.04.23"]
[SourceQuality "1"]

1. c4 e5 2. Nc3 Nf6 3. Nf3 Nc6 4. e3 Bb4 5. Qc2 Qe7 6. Nd5 Nxd5 7. cxd5 Nb8 8. Qxc7 0-0 9. Qxe5 Qd8 10. Bd3 Re8 11. Qf4 Be7 12. d6 Bf6 13. h4 Nc6 14. Ng5 h6 15. Ne4 Be5 16. Qf5 g6 17. Qg4 Bg7 18. Qg3 Ne5 19. Bb1 b6 20. d4 Nc6 21. 0-0 Ba6 22. Rd1 Rc8 23. Nc3 b5 24. Nd5 Rf8 25. Nc7 Bb7 26. Nxb5 h5 27. Qf4 a6 28. Nc7 f5 29. Qg5 Qxg5 30. hxg5 Rfd8 31. Bd3 Bf8 32. Bc4+ Kg7 33. Bxa6 Bxa6 34. Nxa6 Bxd6 35. Bd2 1-0

[Event "New York Marshall Labor Day Schev"]
[Site "New York"]
[Date "2024.08.30"]
[Round "3.8"]
[White "Stern, Kevin B"]
[Black "Zaderman, Vitaly"]
[Result "1-0"]
[WhiteElo "1934"]
[BlackElo "2093"]
[PlyCount "155"]
[EventDate "2024.08.29"]
[EventType "schev"]
[EventRounds "9"]
[EventCountry "USA"]
[SourceTitle "EXT 2025"]
[Source "ChessBase"]
[SourceDate "2024.10.14"]
[SourceVersion "1"]
[SourceVersionDate "2024.10.14"]
[SourceQuality "1"]

1. c4 c5 2. g3 Nc6 3. Bg2 g6 4. Nc3 Bg7 5. a3 e5 6. Nf3 Nge7 7. 0-0 0-0 8. d3 f5 9. Ne1 a6 10. Nc2 Rb8 11. Rb1 b5 12. cxb5 axb5 13. Ne3 b4 14. axb4 cxb4 15. Ncd5 Kh8 16. Nc4 Nxd5 17. Bxd5 Qc7 18. Bg2 Nd4 19. Be3 d6 20. Bxd4 exd4 21. Rc1 Bb7 22. Bxb7 Rxb7 23. Qa4 Qe7 24. Qc6 Ra7 25. Rfe1 Rd8 26. Nb6 Qb7 27. Qxb7 Rxb7 28. Nd5 Kg8 29. Rc4 Kf7 30. Rec1 Bh6 31. Rc7+ Rd7 32. Rxd7+ Rxd7 33. Rc4 Bd2 34. Rxd4 b3 35. Nb6 Re7 36. e3 Rxe3 37. Rxd6 Re7 38. Nc4 Bb4 39. Rb6 Bc5 40. Rxb3 Re2 41. Ne3 Bxe3 42. fxe3 Rxe3 43. Kf2 Re7 44. Rb6 g5 45. b4 Rd7 46. Ke3 Re7+ 47. Kf3 Rd7 48. Ke3 Re7+ 49. Kd2 f4 50. gxf4 gxf4 51. Rh6 Kg7 52. Rh4 Rf7 53. Ke2 Kg6 54. Kf3 Rd7 55. Rxf4 Rxd3+ 56. Kg4 h5+ 57. Kh4 Rb3 58. Rc4 Kf5 59. Kxh5 Rh3+ 60. Rh4 Rb3 61. Kh6 Kf6 62. Rf4+ Ke5 63. Kg5 Rh3 64. Rh4 Rb3 65. Kg6 Kd5 66. b5 Kc5 67. Rh5+ Kb6 68. h4 Rb4 69. Rh8 Rg4+ 70. Kf5 Rg1 71. Rb8+ Kc7 72. Re8 Rb1 73. Re5 Kd6 74. Kf6 Rh1 75. h5 Rf1+ 76. Rf5 Rh1 77. Kg6 Ke6 78. Rg5 1-0